| 000 | 00470nam a22001817a 4500 | ||
|---|---|---|---|
| 003 | MPLRDC | ||
| 005 | 20220104142545.0 | ||
| 008 | 210129b ||||| |||| 00| 0 eng d | ||
| 020 | _a978-7-5108-0507-3 | ||
| 082 | _a782.877 ZGF-7 | ||
| 100 | _a何清远 主编 | ||
| 245 |
_a曾国藩挺经 _c |
||
| 250 | _a一版一刷 | ||
| 260 |
_a中国 _b九州出版社 _c2011 |
||
| 300 | _b301 | ||
| 650 | _a中国清代人物传记--曾国藩 | ||
| 942 |
_cBK _o782.877 ZGF-7 |
||
| 999 |
_c31852 _d31842 |
||